Historic churches (Record no. 115523)

MARC details
000 -LEADER
fixed length control field 02160cam a22004575a 4500
001 - CONTROL NUMBER
control field L158823
008 - FIXED-LENGTH DATA ELEMENTS--GENERAL INFORMATION
fixed length control field 100119s2015 xxko f 001 0 eng d
020 ## - INTERNATIONAL STANDARD BOOK NUMBER
International Standard Book Number 9781900915779
035 ## - SYSTEM CONTROL NUMBER
System control number (Sirsi) u158823
041 0# - LANGUAGE CODE
Language code of text/sound track or separate title eng
050 04 - LIBRARY OF CONGRESS CALL NUMBER
Classification number 690.241 $2 18
110 2# - MAIN ENTRY--CORPORATE NAME
Corporate name or jurisdiction name as entry element Cathedral Communications Limited
9 (RLIN) 3087
245 00 - TITLE STATEMENT
Title Historic churches
Remainder of title the conservation and repair of ecclesiastical buildings
Medium [electronic resource]
250 ## - EDITION STATEMENT
Edition statement 22st ed.
260 ## - PUBLICATION, DISTRIBUTION, ETC.
Place of publication, distribution, etc. Tisbury
Name of publisher, distributor, etc. Cathedral Communications
Date of publication, distribution, etc. 2015
300 ## - PHYSICAL DESCRIPTION
Extent 52p.
Other physical details col. ill.
Dimensions 30cm.
490 #0 - SERIES STATEMENT
Series statement Building Conservation Directory Special Report
505 2# - FORMATTED CONTENTS NOTE
Formatted contents note Wooden churches of the Russian north -- Ledger stones -- The great east window of York Minster -- Heavenly musicians or jolly troubadours? interpreting medieval corbel sculpture -- Interior decoration and permeability -- Church brasswork -- Metal sheet roofing and its substitutes, a brief history -- Maintenance co-operatives -- Ffor the record: documenting church conservation and repair work -- Historic churchyard yews -- Funding in parish churches -- Useful contacts -- Products and services -- Index of advertisers
520 ## - SUMMARY, ETC.
Summary, etc. Discusses issues, building techniques and materials relevant to the conservation and repair of churches. Includes a directory of useful organisations, products and services.
521 2# - TARGET AUDIENCE NOTE
Target audience note Advanced
590 ## - LOCAL NOTE (RLIN)
Local note KA
651 #4 - SUBJECT ADDED ENTRY--GEOGRAPHIC NAME
Geographic name United Kingdom
Chronological subdivision
690 ## - LOCAL SUBJECT ADDED ENTRY--TOPICAL TERM (OCLC, RLIN)
Topical term or geographic name as entry element BUILT ENVIRONMENT-BUILDING MAINTENANCE AND REFURBISHMENT-BUILDING RESTORATION
700 1# - ADDED ENTRY--PERSONAL NAME
Personal name Davies, Richard
700 1# - ADDED ENTRY--PERSONAL NAME
Personal name Litten, Julian
700 1# - ADDED ENTRY--PERSONAL NAME
Personal name Arrol, Andrew
700 1# - ADDED ENTRY--PERSONAL NAME
Personal name Brown, Sarah
9 (RLIN) 6070
700 1# - ADDED ENTRY--PERSONAL NAME
Personal name Halsey, Richard
700 1# - ADDED ENTRY--PERSONAL NAME
Personal name Parsons, Mark
700 1# - ADDED ENTRY--PERSONAL NAME
Personal name Murray, Will
700 1# - ADDED ENTRY--PERSONAL NAME
Personal name Redman, Tony
700 1# - ADDED ENTRY--PERSONAL NAME
Personal name Streeter, Kate
700 1# - ADDED ENTRY--PERSONAL NAME
Personal name Aiers, Peter
700 1# - ADDED ENTRY--PERSONAL NAME
Personal name Hindson, Toby
700 1# - ADDED ENTRY--PERSONAL NAME
Personal name Knight, David
700 1# - ADDED ENTRY--PERSONAL NAME
Personal name McIntyre, Lisa
700 1# - ADDED ENTRY--PERSONAL NAME
Personal name Greenway, Emily
710 2# - ADDED ENTRY--CORPORATE NAME
Corporate name or jurisdiction name as entry element Building Conservation Directory
9 (RLIN) 3988
856 41 - ELECTRONIC LOCATION AND ACCESS
Uniform Resource Identifier <a href="https://www.buildingconservation.com/books/churches2015/files/assets/basic-html/page-I.html">https://www.buildingconservation.com/books/churches2015/files/assets/basic-html/page-I.html</a>
Public note View the articles at www.buildingconservation.com
942 ## - ADDED ENTRY ELEMENTS (KOHA)
Suppress in OPAC 0
Source of classification or shelving scheme Dewey Decimal Classification
Holdings
Withdrawn status Lost status Source of classification or shelving scheme Damaged status Not for loan Home library Current library Shelving location Date acquired Total Checkouts Full call number Barcode Date last seen Copy number Price effective from Koha item type
    Dewey Decimal Classification     London London Folio 31/07/2015   F690.241 BUI 30078816 06/08/2019 1 06/08/2019 Book